000 01169cam a2200133 4500500
005 20251214001510.0
041 _afre
042 _adc
100 1 0 _aBlandin, Claire
_eauthor
245 0 0 _aManuel d'analyse de la presse magazine
260 _bArmand Colin,
_c2018.
520 _aComment analyser la presse magazine ? Elle est un objet d’étude en plein développement. Cet ouvrage dresse en premier un panorama du domaine : sa place dans la recherche, ses outils, ses sources puis les auteurs problématisent l’étude par secteur (presse féminine, people, sportive...) ; enfin ce sont les métiers de la presse magazine qui sont présentés par des études de cas et des parcours biographiques.L’ouvrage proposé est destiné aux étudiants de sciences de l’information, mais aussi de sciences politiques, de sociologie, d’histoire, etc. qui utilisent les magazines dans le cadre de leurs travaux.Claire BLANDIN, Jamil DAKHLIA, Bibia PAVARD, François PROVENZANO, Emilie ROCHE et Claire SÉCAIL ont conçu cet ouvrage.
856 4 1 _uhttps://shs.cairn.info/manuel-d-analyse-de-la-presse-magazine--9782200619930?lang=fr&redirect-ssocas=7080
999 _c1566205
_d1566205